Normal view
MARC view
- English newspapers
Entry Topical Term
001 - CONTROL NUMBER
- control field: 5615
003 - CONTROL NUMBER IDENTIFIER
- control field: NUST
005 - DATE AND TIME OF LATEST TRANSACTION
- control field: 20171024163904.0
008 - FIXED-LENGTH DATA ELEMENTS
- fixed length control field: 171024|| aca||aabn | a|a d
040 ## - CATALOGING SOURCE
- Original cataloging agency: NUST
- Transcribing agency: NUST
150 ## - HEADING--TOPICAL TERM
- Topical term or geographic name entry element: English newspapers
- Geographic subdivision: Pakistan
- General subdivision: Indexes.
670 ## - SOURCE DATA FOUND
- Source citation: Work cat.: (NUST)0: Malik, Nadeem Shafiq. 336, Iqbal and the English press of Pakistan, 1948-1971 :, 1996.
